[Event "10th Lost Boys op"]
[Site "Amsterdam NED"]
[Date "2002.07.26"]
[Round "1.1"]
[White "Sokolov, Ivan"]
[Black "Bachofner, Andreas"]
[Result "1-0"]
[WhiteElo "2677"]
[BlackElo "2327"]
[EventDate "2002.07.26"]
[PlyCount "51"]

1.d4 f5 2.Nc3 d5 3.Bf4 c6 4.e3 Nf6 5.Bd3 g6 6.Nf3 Bg7 7.h4 Be6 8.h5 Nbd7 
9.Ne2 Bf7 10.Ng5 Ne4 11.Nxf7 Kxf7 12.f3 Nef6 13.h6 Bf8 14.e4 dxe4 15.fxe4 
e6 16.c3 fxe4 17.Bc2 Qb6 18.O-O Ke8 19.Bg5 Be7 20.Nf4 c5 21.d5 exd5 22.
Nxd5 Nxd5 23.Qxd5 Bxg5 24.Ba4 c4+ 25.Kh1 Qc7 26.Rad1 1-0

[Event "10th Lost Boys op"]
[Site "Amsterdam NED"]
[Date "2002.07.26"]
[Round "1.2"]
[White "Bezemer, Arno"]
[Black "Sutovsky, Emil"]
[Result "1/2-1/2"]
[WhiteElo "2320"]
[BlackElo "2658"]
[EventDate "2002.07.26"]
[PlyCount "87"]

1.e4 c5 2.Nf3 d6 3.d4 cxd4 4.Nxd4 Nf6 5.Nc3 a6 6.Bc4 e6 7.Bb3 Nbd7 8.Bg5 
Nc5 9.f4 Be7 10.Qf3 h6 11.Bh4 g5 12.fxg5 Nfd7 13.O-O Ne5 14.Qh5 Bxg5 15.
Bg3 Be3+ 16.Kh1 Qg5 17.Qd1 Qd8 18.Nf3 Qc7 19.Qe2 Bg5 20.Rad1 Ncd7 21.Nxg5 
hxg5 22.Qd2 b5 23.Qxd6 Qxd6 24.Rxd6 Ke7 25.Rfd1 Bb7 26.a3 Rac8 27.R6d4 
Rhd8 28.a4 Bc6 29.axb5 axb5 30.Na2 f6 31.Nb4 Bb7 32.Nd3 Nxd3 33.R1xd3 Nc5 
34.Rxd8 Rxd8 35.Rxd8 Kxd8 36.e5 Nxb3 37.cxb3 f5 38.h4 f4 39.Bf2 gxh4 40.
Bxh4+ Kd7 41.Bg5 f3 42.gxf3 Bxf3+ 43.Kg1 Kc6 44.Kf2 1/2-1/2

[Event "10th Lost Boys op"]
[Site "Amsterdam NED"]
[Date "2002.07.26"]
[Round "1.4"]
[White "Spaan, Martijn Tigran"]
[Black "Van Wely, Loek"]
[Result "0-1"]
[WhiteElo "2311"]
[BlackElo "2645"]
[EventDate "2002.07.26"]
[PlyCount "64"]

1.e4 c5 2.Nf3 d6 3.d4 cxd4 4.Nxd4 Nf6 5.Nc3 a6 6.Be2 e6 7.Be3 Qc7 8.O-O b5
9.Bd3 Bb7 10.Qf3 Nbd7 11.Rfe1 b4 12.Na4 Nc5 13.b3 Nfxe4 14.Bxe4 Nxe4 15.
Bf4 Nf6 16.Qd3 Nd5 17.Bg3 Be7 18.a3 O-O 19.axb4 Nxb4 20.Qd2 Nc6 21.Nf3 e5 
22.c4 f6 23.Red1 Rad8 24.Ne1 Nd4 25.Qb2 f5 26.f3 Bf6 27.Bf2 g5 28.Rac1 g4 
29.fxg4 fxg4 30.Rd3 Qf7 31.Bxd4 Bg5 32.Qe2 exd4 0-1

[Event "10th Lost Boys op"]
[Site "Amsterdam NED"]
[Date "2002.07.26"]
[Round "1.6"]
[White "Kohler, Aran"]
[Black "Nijboer, Friso"]
[Result "0-1"]
[WhiteElo "2298"]
[BlackElo "2567"]
[EventDate "2002.07.26"]
[PlyCount "57"]

1.d4 Nf6 2.Nf3 g6 3.c4 Bg7 4.Nc3 O-O 5.e4 d6 6.Be2 Na6 7.Bg5 h6 8.Bh4 e5 
9.dxe5 dxe5 10.Qxd8 Rxd8 11.Nxe5 Re8 12.f4 g5 13.fxg5 hxg5 14.Bg3 Nc5 15.
Nd3 Ncxe4 16.Nxe4 Nxe4 17.Bxc7 Nc5 18.Kd2 Ne4+ 19.Ke1 Bf5 20.Rf1 Bg6 21.
Rc1 Rac8 22.Ba5 Nd6 23.Nf2 Bxb2 24.Kd2 b6 25.Bb4 Red8 26.Rcd1 Nxc4+ 27.Ke1
Ne3 28.Rxd8+ Rxd8 29.Rh1 0-1

[Event "10th Lost Boys op"]
[Site "Amsterdam NED"]
[Date "2002.07.26"]
[Round "1.8"]
[White "Wustefeld, Emile"]
[Black "Shchekachev, Andrei"]
[Result "1/2-1/2"]
[WhiteElo "2295"]
[BlackElo "2546"]
[EventDate "2002.07.26"]
[PlyCount "86"]

1.e4 c5 2.Nc3 Nc6 3.g3 g6 4.Bg2 Bg7 5.d3 d6 6.Be3 Nd4 7.Qd2 Qa5 8.h3 Bd7 
9.f4 e6 10.Nf3 Ne7 11.O-O Nec6 12.g4 f5 13.gxf5 exf5 14.Kh2 O-O 15.Qf2 
Nxf3+ 16.Bxf3 Bxc3 17.bxc3 Qxc3 18.e5 Rae8 19.Bd5+ Kg7 20.Rab1 b6 21.Rb3 
Qa5 22.Bd2 Qa4 23.exd6 Nd4 24.Bc3 Rf6 25.Re1 Rxd6 26.Rb4 Qa3 27.Rb3 Qxa2 
28.Ra1 Qxa1 29.Bxa1 Rxd5 30.Rb1 Kf7 31.Bxd4 Rxd4 32.Kg3 Ba4 33.Qd2 Re7 34.
c3 Rd5 35.Qa2 Bc6 36.Kf2 Kf8 37.Rd1 Rd6 38.Rd2 Bd5 39.Qa6 Rde6 40.Qc8+ Kg7
41.Qd8 Bc6 42.d4 cxd4 43.cxd4 Re8 1/2-1/2

[Event "10th Lost Boys op"]
[Site "Amsterdam NED"]
[Date "2002.07.26"]
[Round "1.10"]
[White "De Heer, Machiel"]
[Black "Sadvakasov, Darmen"]
[Result "0-1"]
[WhiteElo "2293"]
[BlackElo "2534"]
[EventDate "2002.07.26"]
[PlyCount "112"]

1.e4 c5 2.Nc3 a6 3.Nge2 b5 4.g3 Bb7 5.Bg2 e6 6.O-O Nf6 7.d3 b4 8.Nb1 d5 9.
Bg5 Be7 10.exd5 Bxd5 11.Nd2 Bxg2 12.Kxg2 Qd5+ 13.Nf3 Nbd7 14.Nf4 Qc6 15.
Kg1 O-O 16.Re1 h6 17.Bxf6 Bxf6 18.d4 Rfd8 19.c3 cxd4 20.cxd4 Qd6 21.Qb3 a5
22.Rad1 Nb6 23.Ne5 Nd5 24.Nh5 Bxe5 25.dxe5 Qc5 26.Rc1 Qd4 27.Rc4 Qd2 28.
Rce4 Rac8 29.Qf3 Ne7 30.R4e2 Qd3 31.Qb7 Rd7 32.Qb6 Rd5 33.Nf4 Qc4 34.Nxd5 
Qxd5 35.Qe3 Nf5 36.Qe4 Nd4 37.Qxd5 Nxe2+ 38.Rxe2 exd5 39.Rd2 Rc5 40.Kf1 
Kf8 41.Ke2 Ke7 42.f4 Ke6 43.Ke3 Rc4 44.Kf3 g5 45.Kg4 Re4 46.Kf3 gxf4 47.
gxf4 h5 48.Rg2 Rd4 49.Ke3 Re4+ 50.Kf3 Re1 51.Rd2 Ra1 52.b3 Rc1 53.Ke3 Rc3+
54.Kf2 h4 55.Ke2 Rh3 56.Kd1 Rf3 0-1

[Event "10th Lost Boys op"]
[Site "Amsterdam NED"]
[Date "2002.07.26"]
[Round "1.11"]
[White "Van der Wiel, John"]
[Black "Ryan, Joseph"]
[Result "1-0"]
[WhiteElo "2506"]
[BlackElo "2289"]
[EventDate "2002.07.26"]
[PlyCount "70"]

1.e4 e6 2.d4 d5 3.Nd2 Nf6 4.e5 Nfd7 5.c3 c5 6.f4 cxd4 7.cxd4 Nc6 8.Ndf3 f5
9.Nh3 Be7 10.Rg1 O-O 11.g4 Nb6 12.a3 a5 13.b3 Bd7 14.Ra2 Be8 15.Rag2 g6 
16.Nhg5 Qd7 17.gxf5 exf5 18.h4 Kh8 19.Bb5 Nc8 20.h5 gxh5 21.e6 Qd6 22.Bxc6
bxc6 23.Nf7+ Bxf7 24.exf7 Qe6+ 25.Ne5 Nd6 26.Qxh5 Bf6 27.Qxh7+ Kxh7 28.
Rh1+ Bh4+ 29.Rxh4+ Qh6 30.Rxh6+ Kxh6 31.Rg6+ Kh7 32.Rxd6 Rac8 33.Bd2 a4 
34.bxa4 Kg7 35.Bb4 Ra8 1-0

[Event "10th Lost Boys op"]
[Site "Amsterdam NED"]
[Date "2002.07.26"]
[Round "1.12"]
[White "Strating, Sybolt"]
[Black "Lobron, Eric"]
[Result "0-1"]
[WhiteElo "2341"]
[BlackElo "2500"]
[EventDate "2002.07.26"]
[PlyCount "67"]

1.d4 Nf6 2.c4 e6 3.g3 c5 4.d5 exd5 5.cxd5 b5 6.a4 Bb7 7.axb5 Bxd5 8.Nf3 a6
9.bxa6 Nxa6 10.Bg2 Nb4 11.Rxa8 Bxa8 12.O-O Be7 13.Nh4 Bxg2 14.Kxg2 g6 15.
Bh6 Ng4 16.Bg7 Rg8 17.Bc3 Bxh4 18.gxh4 Qc7 19.e3 Qxh2+ 20.Kf3 Qxh4 21.Qd6 
Nc6 22.Ke2 Qe7 23.Qf4 f5 24.Nd2 Qe6 25.Nf3 h6 26.Rd1 Ke7 27.b4 g5 28.Qc7 
Ra8 29.bxc5 Ra2+ 30.Bd2 Nge5 31.Nxe5 Nxe5 32.f3 Nc4 33.Kd3 Nxd2 34.Kd4 0-1

[Event "10th Lost Boys op"]
[Site "Amsterdam NED"]
[Date "2002.07.26"]
[Round "1.15"]
[White "Meijers, Viesturs"]
[Black "Van Egmond, Rogier Marcel"]
[Result "1/2-1/2"]
[WhiteElo "2475"]
[BlackElo "2276"]
[EventDate "2002.07.26"]
[PlyCount "160"]

1.e4 c5 2.Nf3 d6 3.d4 cxd4 4.Nxd4 Nf6 5.Nc3 a6 6.Be2 e5 7.Nb3 Be7 8.Bg5 
Be6 9.Bxf6 Bxf6 10.Nd5 Nd7 11.O-O O-O 12.c4 a5 13.Nxf6+ Nxf6 14.Qd3 Qb6 
15.Rab1 Rac8 16.Nd2 Nd7 17.b3 f5 18.Bf3 g6 19.Rfd1 Nf6 20.Rbc1 Rc7 21.Rc3 
Qc5 22.a4 Qb4 23.Qe3 f4 24.Qd3 g5 25.Nb1 Rc6 26.Be2 g4 27.f3 Qc5+ 28.Kh1 
g3 29.hxg3 Nh5 30.gxf4 Qf2 31.Qe3 Qxe2 32.Qxe2 Ng3+ 33.Kh2 Nxe2 34.Rcd3 
Nxf4 35.Rxd6 Rfc8 36.Nc3 Kf7 37.g3 Ng6 38.R6d2 Kf6 39.Kg2 h5 40.Rf1 Kg5 
41.Kf2 Rf8 42.Ke3 h4 43.gxh4+ Nxh4 44.Rg1+ Kf6 45.Rh2 Ng6 46.Rh7 Rf7 47.
Rh6 Rg7 48.Rd1 Ke7 49.Rg1 Kf7 50.Rh5 Rd6 51.Nb5 Rd7 52.Nc3 Kf6 53.Nd5+ 
Bxd5 54.Rf5+ Ke7 55.exd5 Rd6 56.Rxe5+ Nxe5 57.Rxg7+ Nf7 58.Kd4 Rb6 59.f4 
Rxb3 60.Rg6 Rb4 61.Kc5 Rxa4 62.Re6+ Kd7 63.f5 Nd8 64.Rh6 Rb4 65.Rh7+ Ke8 
66.d6 Rb1 67.d7+ Kf8 68.Kd6 Rd1+ 69.Kc7 Nf7 70.Rh4 a4 71.c5 a3 72.Ra4 Ke7 
73.Kc8 Rd5 74.f6+ Kxf6 75.Rxa3 Rxc5+ 76.Kxb7 Ke7 77.Rd3 Kd8 78.Rd4 Rc7+ 
79.Kb6 Rxd7 80.Rxd7+ Kxd7 1/2-1/2

[Event "10th Lost Boys op"]
[Site "Amsterdam NED"]
[Date "2002.07.26"]
[Round "1.16"]
[White "Van der Elburg, Freddie"]
[Black "Handke, Florian"]
[Result "0-1"]
[WhiteElo "2275"]
[BlackElo "2471"]
[EventDate "2002.07.26"]
[PlyCount "90"]

1.c4 Nf6 2.g3 e6 3.Nf3 b6 4.Bg2 Bb7 5.O-O c5 6.Nc3 Be7 7.Re1 d6 8.e4 a6 9.
b3 O-O 10.Bb2 Nbd7 11.Rc1 b5 12.d3 Qb6 13.Ba1 Rfd8 14.Qd2 Ne5 15.Nh4 Nfg4 
16.f4 Bxh4 17.gxh4 Ng6 18.h3 Nf6 19.Qf2 d5 20.cxd5 exd5 21.e5 Nh5 22.Ne2 
d4 23.Bxb7 Qxb7 24.Rxc5 Qe7 25.Rc2 Nxh4 26.Nxd4 Ng6 27.Nc6 Qd7 28.Nxd8 
Nhxf4 29.e6 fxe6 30.Qd4 Qxd4+ 31.Bxd4 Rxd8 32.Be3 Nxd3 33.Rd2 Nh4 34.Rf1 
Rd5 35.Kh2 h6 36.Re2 Re5 37.Kg3 g5 38.Rd1 Nf4 39.Ree1 Nfg2 40.Bf2 Nxe1 41.
Bxe1 Kf7 42.Bf2 Re2 43.a4 bxa4 44.bxa4 Ra2 45.Rd7+ Kg6 0-1

[Event "10th Lost Boys op"]
[Site "Amsterdam NED"]
[Date "2002.07.26"]
[Round "1.17"]
[White "Ernst, Sipke"]
[Black "Wemmers, Xander"]
[Result "1/2-1/2"]
[WhiteElo "2469"]
[BlackElo "2274"]
[EventDate "2002.07.26"]
[PlyCount "131"]

1.d4 d5 2.c4 c6 3.Nf3 Nf6 4.e3 Bf5 5.Nc3 e6 6.Nh4 Be4 7.f3 Bg6 8.Qb3 Qb6 
9.Nxg6 hxg6 10.Bd2 Nbd7 11.Bd3 O-O-O 12.cxd5 exd5 13.Kf2 Kb8 14.Qxb6 Nxb6 
15.g4 Bd6 16.g5 Nfd7 17.h4 Nf8 18.f4 Ne6 19.Ne2 Rde8 20.Rac1 c5 21.Rh3 Rc8
22.b3 cxd4 23.exd4 Rxc1 24.Bxc1 Nc8 25.Kf3 Ne7 26.Be3 Bc7 27.Kg4 f5+ 28.
gxf6 gxf6 29.Kf3 Bb6 30.f5 gxf5 31.Rh1 Ng7 32.Nf4 Nh5 33.Ne6 Kc8 34.Rg1 
Kd7 35.Nc5+ Bxc5 36.dxc5 Ke6 37.Bb5 Nc6 38.Bxc6 bxc6 39.Bd2 f4 40.b4 Kf5 
41.b5 cxb5 42.c6 Rc8 43.Rc1 Ng7 44.Rc5 Ke6 45.Bxf4 Nf5 46.h5 Nd4+ 47.Ke3 
Nxc6 48.h6 Re8 49.Kd2 Ne5 50.Rxb5 Re7 51.a4 d4 52.Rb1 Kf5 53.Rf1 Kg6 54.
Rg1+ Kh7 55.Rg3 Ng6 56.Rf3 Re6 57.Bb8 Ra6 58.Kd3 Ne5+ 59.Bxe5 fxe5 60.Ke4 
Ra5 61.Rf6 d3 62.Kxd3 Rxa4 63.Re6 Rd4+ 64.Ke3 Rd5 65.Ke4 Rb5 66.Ra6 
1/2-1/2

[Event "10th Lost Boys op"]
[Site "Amsterdam NED"]
[Date "2002.07.26"]
[Round "1.18"]
[White "Vogel, Jaap"]
[Black "Janssen, Ruud"]
[Result "1/2-1/2"]
[WhiteElo "2266"]
[BlackElo "2468"]
[EventDate "2002.07.26"]
[PlyCount "51"]

1.Nf3 Nf6 2.g3 c5 3.Bg2 Nc6 4.O-O d5 5.d4 e6 6.c4 dxc4 7.Qa4 Bd7 8.Qxc4 b5
9.Qd3 Rc8 10.Bg5 cxd4 11.Nxd4 Nxd4 12.Qxd4 h6 13.Be3 Bc5 14.Qd3 Bxe3 15.
Qxe3 Qb6 16.Qxb6 axb6 17.Nc3 b4 18.Ne4 Ke7 19.Nxf6 gxf6 20.Rfc1 f5 21.Kf1 
e5 22.Bd5 Be6 23.Bb3 h5 24.Ke1 h4 25.Rxc8 Rxc8 26.Kd2 1/2-1/2

[Event "10th Lost Boys op"]
[Site "Amsterdam NED"]
[Date "2002.07.26"]
[Round "1.19"]
[White "Berkvens, Joost"]
[Black "Van Kooten, Luuk"]
[Result "1-0"]
[WhiteElo "2467"]
[BlackElo "2259"]
[EventDate "2002.07.26"]
[PlyCount "69"]

1.d4 Nf6 2.c4 e6 3.Nc3 c5 4.d5 exd5 5.cxd5 d6 6.e4 g6 7.f4 Bg7 8.Bb5+ Nfd7
9.a4 Qh4+ 10.g3 Qd8 11.Nf3 O-O 12.O-O a6 13.Be2 Re8 14.Re1 Bxc3 15.bxc3 
Rxe4 16.Nd2 Re8 17.c4 Nf6 18.Bb2 Bf5 19.Qb3 Nbd7 20.Bf3 h5 21.Kg2 Qa5 22.
Bc3 Qc7 23.h3 b6 24.Bb2 b5 25.axb5 axb5 26.cxb5 Rxa1 27.Rxe8+ Nxe8 28.Bxa1
Nb6 29.g4 hxg4 30.hxg4 Bd7 31.Ne4 Qd8 32.g5 Bf5 33.Qc3 Kf8 34.Qh8+ Ke7 35.
Bf6+ 1-0

[Event "10th Lost Boys op"]
[Site "Amsterdam NED"]
[Date "2002.07.26"]
[Round "1.20"]
[White "Blanchard, Jack"]
[Black "Stellwagen, Daniel"]
[Result "1/2-1/2"]
[WhiteElo "2255"]
[BlackElo "2464"]
[EventDate "2002.07.26"]
[PlyCount "159"]

1.d4 d5 2.c3 Nf6 3.Bf4 e6 4.Nf3 c5 5.e3 Nc6 6.Nbd2 Bd6 7.Bg3 O-O 8.Be2 Qe7
9.O-O e5 10.dxe5 Nxe5 11.Nxe5 Bxe5 12.Bxe5 Qxe5 13.Qb3 Qc7 14.Rfd1 Be6 15.
Qa4 Rad8 16.Rac1 Rfe8 17.Bb5 Rf8 18.Be2 b6 19.a3 h6 20.h3 Bd7 21.Bb5 Bf5 
22.Be2 Rfe8 23.Bf3 Re7 24.Nf1 Bd7 25.Qb3 Bc6 26.Ng3 Red7 27.Rd2 Ne4 28.
Nxe4 dxe4 29.Rxd7 Rxd7 30.Bg4 Rd3 31.Rd1 Qd6 32.Qc2 g5 33.Be2 Rxd1+ 34.
Qxd1 Qe7 35.Bg4 Kg7 36.Bf5 Kf6 37.Bg4 Ke5 38.Be2 f5 39.Bc4 Qc7 40.Qh5 Qg7 
41.Kh2 Qf6 42.Kg1 b5 43.Bf1 Kd6 44.Qd1+ Kc7 45.Qb3 a6 46.c4 Qe6 47.Qc3 Kb6
48.b4 Qd6 49.g3 cxb4 50.axb4 bxc4 51.Bxc4 Bb5 52.Kg2 Bxc4 53.Qxc4 Qc6 54.
Qa2 Kb5 55.Qa3 Qc7 56.Kg1 Qd8 57.Kg2 h5 58.Kg1 h4 59.gxh4 gxh4 60.Kg2 Qb6 
61.Kf1 Qc7 62.Kg2 Qd8 63.Kh2 Qd6+ 64.Kg2 Qxb4 65.Qa1 a5 66.Qf6 a4 67.Qxh4 
a3 68.Qf6 a2 69.h4 Qb1 70.Qe5+ Kc4 71.Qd4+ Kb3 72.Qd5+ Kc2 73.Qc4+ Kd2 74.
Qd4+ Ke1 75.Qc3+ Kd1 76.Qd4+ Kc1 77.Qc3+ Qc2 78.Qa1+ Qb1 79.Qc3+ Kd1 80.
Qd4+ 1/2-1/2

[Event "10th Lost Boys op"]
[Site "Amsterdam NED"]
[Date "2002.07.26"]
[Round "1.21"]
[White "Vesterbaek Pedersen, Nicolai"]
[Black "Plasman, Hans"]
[Result "1-0"]
[WhiteElo "2458"]
[BlackElo "2255"]
[EventDate "2002.07.26"]
[PlyCount "91"]

1.d4 Nf6 2.c4 e6 3.Nc3 Bb4 4.Qc2 Nc6 5.Nf3 O-O 6.Bd2 d6 7.a3 Bxc3 8.Bxc3 
Qe7 9.e3 a5 10.b3 e5 11.dxe5 dxe5 12.h3 Rd8 13.Be2 e4 14.Nd2 Bf5 15.Qb2 
Rd7 16.g4 Bg6 17.h4 h6 18.O-O-O Rad8 19.Rhg1 Ne8 20.g5 h5 21.Nf1 Rxd1+ 22.
Bxd1 Qd7 23.Ng3 Qh3 24.Rh1 Qg2 25.Qe2 a4 26.Qf1 Qxf1 27.Rxf1 axb3 28.Kb2 
Nd6 29.Kxb3 Bf5 30.Nxh5 Nxc4 31.Nxg7 Nd2+ 32.Kc2 Nxf1 33.Nxf5 Rd5 34.Nh6+ 
Kh7 35.Bg4 Kg6 36.Bf6 Rd2+ 37.Kc3 Rxf2 38.h5+ Kh7 39.Bf5+ Rxf5 40.Nxf5 Nh2
41.Nh6 Nf3 42.Nxf7 Nh4 43.g6+ Nxg6 44.Ng5+ Kh6 45.hxg6 Kxg6 46.Nxe4 1-0

[Event "10th Lost Boys op"]
[Site "Amsterdam NED"]
[Date "2002.07.26"]
[Round "1.22"]
[White "Wunnink, Michael"]
[Black "Kritz, Leonid"]
[Result "1/2-1/2"]
[WhiteElo "2255"]
[BlackElo "2454"]
[EventDate "2002.07.26"]
[PlyCount "55"]

1.d4 Nf6 2.c4 e6 3.Nf3 d5 4.g3 Bb4+ 5.Bd2 Be7 6.Bg2 O-O 7.O-O c6 8.Qc2 b6 
9.b3 Ba6 10.Bc3 dxc4 11.bxc4 Bxc4 12.Ne5 Ba6 13.Bxc6 Nxc6 14.Nxc6 Qc7 15.
Nxe7+ Qxe7 16.Re1 Rac8 17.Qb2 Qb7 18.Bb4 Rfd8 19.Nd2 Nd5 20.a3 Qd7 21.Nf3 
Qb5 22.e4 Nxb4 23.axb4 Rc7 24.d5 Bc8 25.Nd4 Qd7 26.Nc6 Rf8 27.Rad1 b5 28.
Qe5 1/2-1/2

[Event "10th Lost Boys op"]
[Site "Amsterdam NED"]
[Date "2002.07.26"]
[Round "1.23"]
[White "Bosboom, Manuel"]
[Black "Happel, Hendrik"]
[Result "1-0"]
[WhiteElo "2451"]
[BlackElo "2254"]
[EventDate "2002.07.26"]
[PlyCount "49"]

1.d4 Nf6 2.c4 e6 3.Nf3 b6 4.Bg5 h6 5.Bh4 Bb7 6.Nc3 Bb4 7.Nd2 c5 8.e3 Nc6 
9.dxc5 Bxc5 10.Nde4 Be7 11.Nd6+ Bxd6 12.Qxd6 Qe7 13.Nb5 O-O 14.O-O-O g5 
15.Bg3 Qxd6 16.Nxd6 Ba6 17.Be2 Rad8 18.h4 Kg7 19.a3 Ne8 20.hxg5 hxg5 21.
Rh5 Nxd6 22.Bxd6 Rh8 23.Rxg5+ Kf6 24.f4 Rdg8 25.b4 1-0

[Event "10th Lost Boys op"]
[Site "Amsterdam NED"]
[Date "2002.07.26"]
[Round "1.24"]
[White "Willemze, Thomas"]
[Black "Solleveld, Maarten"]
[Result "1/2-1/2"]
[WhiteElo "2253"]
[BlackElo "2451"]
[EventDate "2002.07.26"]
[PlyCount "40"]

1.e4 e5 2.Nf3 Nc6 3.Nc3 Nf6 4.Bb5 Nd4 5.Nxd4 exd4 6.e5 dxc3 7.exf6 Qxf6 8.
dxc3 Qe5+ 9.Qe2 Qxe2+ 10.Kxe2 c6 11.Bd3 d5 12.Bf4 Be6 13.Rhe1 O-O-O 14.Kd2
Bd6 15.Bxd6 Rxd6 16.Re5 c5 17.Rae1 h6 18.f4 Rhd8 19.Bg6 fxg6 20.Rxe6 Kc7 
1/2-1/2

[Event "10th Lost Boys op"]
[Site "Amsterdam NED"]
[Date "2002.07.26"]
[Round "1.25"]
[White "Shirazi, Kamran"]
[Black "O`Cinneide, Mel"]
[Result "1-0"]
[WhiteElo "2448"]
[BlackElo "2251"]
[EventDate "2002.07.26"]
[PlyCount "77"]

1.e4 e6 2.d4 d5 3.Nc3 Nf6 4.exd5 exd5 5.h3 Bf5 6.g4 Bg6 7.Bg2 Bb4 8.Ne2 c6
9.a3 Bd6 10.O-O O-O 11.f4 Be4 12.Nxe4 Nxe4 13.Bxe4 dxe4 14.Ng3 Re8 15.Re1 
Nd7 16.Rxe4 Nf6 17.Rxe8+ Qxe8 18.Bd2 Ne4 19.Nf1 c5 20.Be3 Ng3 21.Qf3 cxd4 
22.Nxg3 dxe3 23.Nf5 Bc5 24.Re1 Qa4 25.Re2 g6 26.Nh6+ Kg7 27.g5 Rd8 28.h4 
Bb6 29.Qxb7 Qe8 30.h5 Rd2 31.Kf1 Rd7 32.Qf3 Rd1+ 33.Kg2 Qe6 34.c4 Rd2 35.
Rxd2 exd2 36.c5 Bc7 37.Ng4 Qf5 38.Qc3+ Kg8 39.Nh6+ 1-0

[Event "10th Lost Boys op"]
[Site "Amsterdam NED"]
[Date "2002.07.26"]
[Round "1.26"]
[White "Roebers, Jan"]
[Black "Werle, Jan"]
[Result "0-1"]
[WhiteElo "2250"]
[BlackElo "2443"]
[EventDate "2002.07.26"]
[PlyCount "78"]

1.e4 e6 2.d4 d5 3.Nc3 Bb4 4.e5 c5 5.a3 Ba5 6.b4 cxd4 7.Nb5 Bc7 8.f4 Bd7 9.
Nxc7+ Qxc7 10.Nf3 Ba4 11.Bd3 Nc6 12.O-O Nge7 13.Rf2 Qb6 14.f5 exf5 15.b5 
Nd8 16.Rb1 a6 17.Nxd4 Qxd4 18.Rb4 Qxe5 19.Bg5 Ne6 20.Bxe7 Bxb5 21.Rxb5 
axb5 22.Bb4 O-O-O 23.Ba5 f4 24.Kh1 Kb8 25.Rf1 Rc8 26.Qb1 Rc5 27.Bb6 Qd6 
28.Bxc5 Qxc5 29.Bxb5 Rc8 30.Ba6 Rc7 31.Bd3 h5 32.h3 g5 33.Qb2 Qd4 34.Qb5 
g4 35.Qe8+ Ka7 36.a4 gxh3 37.gxh3 Qe3 38.Kg2 Qg3+ 39.Kh1 f3 0-1

[Event "10th Lost Boys op"]
[Site "Amsterdam NED"]
[Date "2002.07.26"]
[Round "1.27"]
[White "l`Ami, Erwin"]
[Black "Thorhallsson, Gylfi"]
[Result "1-0"]
[WhiteElo "2438"]
[BlackElo "2250"]
[EventDate "2002.07.26"]
[PlyCount "69"]

1.e4 e5 2.Nf3 Nc6 3.Bb5 a6 4.Ba4 Nf6 5.O-O b5 6.Bb3 Be7 7.Re1 d6 8.c3 O-O 
9.h3 Na5 10.Bc2 c5 11.d3 Nc6 12.Nbd2 Qc7 13.Nf1 Re8 14.a4 Bb7 15.Ne3 Bf8 
16.Nh2 Ne7 17.Nhg4 Nxg4 18.hxg4 Bc6 19.Qf3 Qb7 20.Nf5 Ng6 21.g3 d5 22.Kg2 
b4 23.g5 b3 24.Bb1 d4 25.c4 a5 26.Ra3 Reb8 27.Rh1 Qd7 28.Qh5 Nf4+ 29.Bxf4 
Qxf5 30.Bxe5 Rb7 31.f4 Qg6 32.Qh3 f6 33.f5 Qe8 34.Qxh7+ Kf7 35.Bxf6 1-0

[Event "10th Lost Boys op"]
[Site "Amsterdam NED"]
[Date "2002.07.26"]
[Round "1.31"]
[White "Hendriks, Willy"]
[Black "Helvensteijn, Dennis"]
[Result "1/2-1/2"]
[WhiteElo "2410"]
[BlackElo "2242"]
[EventDate "2002.07.26"]
[PlyCount "90"]

1.e4 c6 2.d4 d5 3.exd5 cxd5 4.c4 Nf6 5.Nc3 g6 6.Qb3 Bg7 7.cxd5 O-O 8.Be2 
Nbd7 9.Bf3 Nb6 10.Bf4 a5 11.Nge2 a4 12.Qb5 Bg4 13.Bxg4 Nxg4 14.O-O Nf6 15.
Bg3 Ra6 16.Nf4 a3 17.b3 g5 18.Nd3 Nfxd5 19.Rac1 Bxd4 20.Ne2 Bg7 21.Nc5 Ra7
22.Rfd1 e6 23.Nd4 Bxd4 24.Rxd4 Nc3 25.Rxd8 Nxb5 26.Rxf8+ Kxf8 27.Ne4 h6 
28.Rc5 Nd4 29.Be5 Nc6 30.Bd6+ Kg7 31.Rb5 Nd5 32.Bc5 b6 33.Bxb6 Rd7 34.h4 
f5 35.Nc5 Nd4 36.Nxd7 Nxb5 37.Bc5 Ndc3 38.Ne5 Nxa2 39.Nc4 Nc1 40.Nxa3 Nxa3
41.Bxa3 Nxb3 42.hxg5 hxg5 43.f3 Kf6 44.Kf2 f4 45.g3 fxg3+ 1/2-1/2

[Event "10th Lost Boys op"]
[Site "Amsterdam NED"]
[Date "2002.07.26"]
[Round "1.32"]
[White "Van Delft, Merijn"]
[Black "Klinova, Masha"]
[Result "1/2-1/2"]
[WhiteElo "2340"]
[BlackElo "2407"]
[EventDate "2002.07.26"]
[PlyCount "39"]

1.e4 c6 2.d4 d5 3.Nd2 dxe4 4.Nxe4 Bf5 5.Ng3 Bg6 6.h4 h6 7.Nf3 Nf6 8.Ne5 
Bh7 9.Bd3 Bxd3 10.Qxd3 e6 11.Bd2 Nbd7 12.f4 Bd6 13.O-O-O Qc7 14.Rhe1 O-O 
15.Ne4 Nxe4 16.Qxe4 f5 17.Qf3 Nf6 18.Nd3 Rfe8 19.Kb1 Rad8 20.h5 1/2-1/2

[Event "10th Lost Boys op"]
[Site "Amsterdam NED"]
[Date "2002.07.26"]
[Round "1.33"]
[White "Van Blitterswijk, Stefan"]
[Black "Nicolai, Erik"]
[Result "1-0"]
[WhiteElo "2394"]
[BlackElo "2238"]
[EventDate "2002.07.26"]
[PlyCount "51"]

1.e4 Nf6 2.e5 Nd5 3.d4 d6 4.Nf3 Nb6 5.Be2 g6 6.Nc3 Bg7 7.Be3 O-O 8.exd6 
cxd6 9.Qd2 Bg4 10.h3 Bxf3 11.Bxf3 d5 12.b3 Nc6 13.Rd1 Rc8 14.O-O e6 15.
Rfe1 a6 16.Bg5 Qd6 17.Ne2 e5 18.dxe5 Nxe5 19.Be4 Qa3 20.Bxd5 Nxd5 21.Qxd5 
Rxc2 22.Nd4 Rxa2 23.Rxe5 Bxe5 24.Qxe5 Rxf2 25.Bh6 Rxg2+ 26.Kh1 1-0

[Event "10th Lost Boys op"]
[Site "Amsterdam NED"]
[Date "2002.07.26"]
[Round "1.34"]
[White "Salakhutdinov, Ildar"]
[Black "Smeets, Jan"]
[Result "1/2-1/2"]
[WhiteElo "2238"]
[BlackElo "2392"]
[EventDate "2002.07.26"]
[PlyCount "148"]

1.e4 e5 2.Nf3 Nc6 3.Bc4 Bc5 4.c3 Nf6 5.d3 d6 6.a4 a6 7.Bb3 Ba7 8.Nbd2 O-O 
9.Nf1 d5 10.Qe2 Ng4 11.Ne3 Nxe3 12.Bxe3 d4 13.Bg5 Qd6 14.O-O Be6 15.Bxe6 
Qxe6 16.c4 Bc5 17.h3 a5 18.Bc1 Rae8 19.g4 Kh8 20.Kg2 g6 21.g5 Bd6 22.Nh2 
f5 23.gxf6 Qxf6 24.Ng4 Qh4 25.Bh6 Rg8 26.Qf3 Re6 27.Qf7 Nd8 28.Qd7 Qe7 29.
Qxe7 Bxe7 30.f4 Nc6 31.Rf3 exf4 32.Bxf4 Rc8 33.Raf1 h5 34.Nh2 Kg7 35.Bg3 
Rf6 36.Bf4 Kf7 37.Re1 Ke6 38.h4 Rf7 39.Bg3 Rxf3 40.Nxf3 Kd7 41.Rf1 Rf8 42.
Be1 Rf4 43.Bg3 Rf7 44.Be1 Bf8 45.Bxa5 Be7 46.Be1 Rf8 47.Bf2 Bf6 48.Bg1 Ra8
49.b3 Ra6 50.Re1 Rb6 51.e5 Be7 52.Rb1 Bc5 53.Kg3 Nb4 54.Nxd4 Nxd3 55.Rd1 
Nb2 56.Rb1 Nxc4 57.Kf4 Na5 58.Ke4 Rb4 59.Kd5 Be7 60.e6+ Ke8 61.Bf2 c6+ 62.
Ke5 Nc4+ 63.Kf4 Bd6+ 64.Kg5 Nd2 65.Rb2 Ne4+ 66.Kxg6 Nxf2 67.Nf5 Bc5 68.Rd2
Rg4+ 69.Kxh5 Ne4 70.Kxg4 Nxd2 71.h5 Bf8 72.Kg5 Ne4+ 73.Kg6 Nd6 74.e7 Bxe7 
1/2-1/2

[Event "10th Lost Boys op"]
[Site "Amsterdam NED"]
[Date "2002.07.26"]
[Round "1.35"]
[White "Wiersma, Eelke"]
[Black "Vedder, Richard"]
[Result "0-1"]
[WhiteElo "2382"]
[BlackElo "2232"]
[EventDate "2002.07.26"]
[PlyCount "68"]

1.e4 c5 2.Nf3 d6 3.d4 cxd4 4.Nxd4 Nf6 5.Nc3 g6 6.Be3 Bg7 7.f3 O-O 8.Qd2 
Nc6 9.Bc4 Bd7 10.O-O-O Rc8 11.Bb3 Ne5 12.h4 h5 13.Bg5 Rc5 14.Kb1 b5 15.g4 
hxg4 16.h5 Nxh5 17.Nd5 Re8 18.Rxh5 gxh5 19.Qh2 Nc4 20.Qxh5 Rxd5 21.exd5 
Qb6 22.c3 e5 23.dxe6 Bxe6 24.fxg4 Bd5 25.Bc2 Be4 26.Bxe4 Rxe4 27.Rh1 Rxd4 
28.Qh7+ Kf8 29.Re1 Ne5 30.Bh6 Rxg4 31.Qh8+ Ke7 32.Bxg7 Qf2 33.Qf8+ Kd7 34.
Rd1 Nc4 0-1

[Event "10th Lost Boys op"]
[Site "Amsterdam NED"]
[Date "2002.07.26"]
[Round "1.36"]
[White "Boersma, Jan"]
[Black "Odendahl, Reiner"]
[Result "0-1"]
[WhiteElo "2230"]
[BlackElo "2379"]
[EventDate "2002.07.26"]
[PlyCount "80"]

1.e4 c5 2.Nc3 Nc6 3.g3 Nf6 4.Bg2 e6 5.Nge2 Be7 6.O-O O-O 7.d4 cxd4 8.Nxd4 
d6 9.Re1 Bd7 10.Ndb5 Qb8 11.Bf4 Ne5 12.Bg5 a6 13.Bxf6 Bxf6 14.Nd4 Rc8 15.
Nce2 b5 16.b3 Qb6 17.Qd2 Ra7 18.Rad1 Rac7 19.h3 b4 20.Qe3 Qc5 21.Rd2 h5 
22.Red1 h4 23.g4 Ng6 24.Rf1 Bg5 25.f4 Nxf4 26.Nxf4 e5 27.Nf5 Qxe3+ 28.Nxe3
Bxf4 29.Rxf4 exf4 30.Nc4 Bb5 31.Bf1 Bxc4 32.Bxc4 Rc6 33.Kf2 Rxc4 34.bxc4 
Rxc4 35.g5 Rxe4 36.Rxd6 a5 37.Rd5 a4 38.Ra5 a3 39.Rc5 Re3 40.Rc4 Rxh3 0-1

[Event "10th Lost Boys op"]
[Site "Amsterdam NED"]
[Date "2002.07.26"]
[Round "1.38"]
[White "Riemens, Albert"]
[Black "Erwich, Marc"]
[Result "0-1"]
[WhiteElo "2225"]
[BlackElo "2376"]
[EventDate "2002.07.26"]
[PlyCount "56"]

1.e4 e5 2.Nf3 Nc6 3.Nc3 Nf6 4.d4 exd4 5.Nd5 Be7 6.Bf4 d6 7.Qd3 O-O 8.O-O-O
Bg4 9.h3 Bxf3 10.gxf3 Nxd5 11.exd5 Ne5 12.Qxd4 Nxf3 13.Qe4 Nh4 14.Bd3 Ng6 
15.Rdg1 Bf6 16.Rg4 Qd7 17.Rhg1 Bxb2+ 18.Kxb2 f5 19.Qd4 fxg4 20.Bxg6 hxg6 
21.Rxg4 Qb5+ 22.Kc1 Rf6 23.Rg1 Re8 24.Be3 a5 25.Qc3 Qxd5 26.Qxc7 Qxa2 27.
Bd4 Qf7 28.Qxa5 Rf4 0-1